Statistics for Scooby-Doo Franchise

Click here to take the quiz!

General Stats

  • This quiz has been taken 78 times
  • The average score is 48 of 451

Answer Stats

TypeYearNameInfo% Correct
Film2020SCOOB!Warner Bros.
87%
Video Game2002Scooby-DooTHQ
85%
Film2002Scooby-DooWarner Bros.
85%
Comic Series1997-2010Scooby-Doo!DC Comics
85%
Comic Series1995-1997Scooby DooArchie Comics
85%
Comic Series1992-1993Scooby-DooHarvey Comics
85%
Video Game1986Scooby-DooElite Systems / Gargoyle Games
85%
Comic Series1977-1979Scooby-DooMarvel Comics
85%
Tabletop Game1980Scooby-Doo GameMilton Bradley
85%
Book2002Scooby-Doo: The Movie!Suzanne Weyn
85%
TV Show2002-2006What's New, Scooby-Doo?Kids' WB
80%
Comic Series1970-1975Scooby Doo... Where Are You!Gold Key Comics
78%
Comic Series2010-PresentScooby-Doo, Where Are You?DC Comics
78%
TV Show1969-1970, 1978Scooby-Doo, Where Are You?CBS / ABC
78%
Comic Series1975-1976Scooby-Doo... Where Are You!Charlton Comics
78%
Tabletop Game1999, 2019Clue: Scooby-Doo! Where Are You?Parker Brothers
76%
Video Game1995Scooby-Doo MysteryAcclaim Entertainment / Sunsoft
76%
Tabletop Game1999Scooby-Doo! Mystery Card GameUnited States Playing Card Company
76%
Tabletop Game1973Scooby Doo... Where Are You! GameMilton Bradley
76%
Book2012Scooby-Doo! Mystery 1: The Hotel of HorrorsLee Howard
67%
Book2004Scooby-Doo 2: Monsters UnleashedSuzanne Weyn
63%
Book2004Scooby-Doo 2: Monsters UnleashedJesse Leon McCann
63%
Video Game2004Scooby-Doo 2: Monsters UnleashedTHQ
63%
Film2004Scooby-Doo 2: Monsters UnleashedWarner Bros.
63%
Book1998Scooby-Doo on Zombie IslandGail Herman
59%
Film1998Scooby-Doo on Zombie IslandWarner Bros.
59%
TV Show2010-2013Scooby-Doo! Mystery IncorporatedCartoon Network
54%
TV Show1988-1991A Pup Named Scooby-DooABC
52%
TV Show2015-2018Be Cool, Scooby-Doo!Cartoon Network / Boomerang
52%
Film2001Scooby-Doo and the Cyber ChaseWarner Bros.
52%
Video Game2001Scooby-Doo and the Cyber ChaseTHQ
52%
TV Show2019-PresentScooby-Doo and Guess Who?Cartoon Network / Boomerang
46%
Film2000Scooby-Doo and the Alien InvadersWarner Bros.
46%
Book2000Scooby-Doo and the Alien InvadersScott Neely
46%
Book2000Scooby-Doo and the Alien InvadersJesse Leon McCann
46%
Book2004Scooby-Doo and the WerewolfJesse Leon McCann
43%
Film1999Scooby-Doo! and the Witch's GhostWarner Bros.
43%
TV Film2009Scooby-Doo! The Mystery BeginsCartoon Network
43%
TV Film2011Scooby-Doo! Curse of the Lake MonsterCartoon Network
41%
Film2004Scooby-Doo! and the Loch Ness MonsterWarner Bros.
39%
Book2004Scooby-Doo! and the Loch Ness MonsterJesse Leon McCann
39%
Film2016Scooby-Doo! and WWE: Curse of the Speed DemonWarner Bros.
39%
TV Show1985The 13 Ghosts of Scooby-DooABC
39%
Film2007Chill Out, Scooby-Doo!Warner Bros.
37%
Book2007Chill Out, Scooby-Doo!Jo Hurley
37%
Film2015Scooby-Doo! and Kiss: Rock and Roll MysteryWarner Bros.
37%
Film2003Scooby-Doo! and the Monster of MexicoWarner Bros.
37%
Film2009Scooby-Doo! and the Samurai SwordWarner Bros.
37%
Film2005Scooby-Doo! in Where's My Mummy?Warner Bros.
37%
Film2010Scooby-Doo! Abracadabra-DooWarner Bros.
35%
TV Film1988Scooby-Doo and the Ghoul SchoolSyndication
35%
Film2003Scooby-Doo! and the Legend of the VampireWarner Bros.
35%
Film2010Scooby-Doo! Camp ScareWarner Bros.
35%
Film2006Scooby-Doo! Pirates Ahoy!Warner Bros.
35%
Film2005Aloha, Scooby-Doo!Warner Bros.
33%
Book2005Aloha, Scooby-Doo!Jesse Leon McCann
33%
Film2012Scooby-Doo! Music of the VampireWarner Bros.
33%
TV Show1972-1973The New Scooby-Doo MoviesCBS
33%
TV Show1976-1978The Scooby-Doo ShowCBS
33%
Book2012Big Top Scooby-Doo!Kate Howard
30%
Film2012Big Top Scooby-Doo!Warner Bros.
30%
TV Show1979-1980Scooby-Doo and Scrappy-DooABC
30%
TV Show1980-1982Scooby-Doo and Scrappy-DooABC
30%
Video Game1991Scooby-Doo and Scrappy-DooHi-Tec Software / PAL Developments
30%
Tabletop Game1983Scooby-Doo and Scrappy-Doo GameMilton Bradley
30%
Film2018Scooby-Doo! & Batman: The Brave and the BoldWarner Bros.
30%
TV Film2011Scooby-Doo! Legend of the PhantosaurCartoon Network
30%
Film2016Lego Scooby-Doo! Haunted HollywoodWarner Bros.
28%
Film2008Scooby-Doo! and the Goblin KingWarner Bros.
28%
Film2014Scooby-Doo! WrestleMania MysteryWarner Bros.
26%
Film2017Scooby-Doo! Shaggy's ShowdownWarner Bros.
24%
Film2014Scooby-Doo! FrankencreepyWarner Bros.
22%
TV Film1994Scooby-Doo! in Arabian NightsTBS
22%
TV Film1987Scooby-Doo Meets the Boo BrothersSyndication
22%
Film2019Scooby-Doo! Return to Zombie IslandWarner Bros.
22%
Film2018Daphne & VelmaWarner Bros.
20%
Play2001-2005, 2007, 2009Scooby-Doo in StagefrightN/A
20%
Film2015Scooby-Doo! Moon Monster MadnessWarner Bros.
20%
Film2013Scooby-Doo! Stage FrightWarner Bros.
20%
TV Special1979Scooby Goes HollywoodABC
20%
Film2018Scooby-Doo! and the Gourmet GhostWarner Bros.
17%
TV Show1977-1978Scooby's All-Star Laff-A-LympicsABC
17%
Film2019Scooby-Doo! and the Curse of the 13th GhostWarner Bros.
15%
TV Show1976The Scooby-Doo/Dynomutt HourABC
15%
Comic Series2016-2019Scooby ApocalypseDC Comics
13%
Video Game2009Scooby-Doo! First FrightsWarner Bros. Interactive
13%
TV Show1983-1984The New Scooby and Scrappy-Doo Show / The New Scooby-Doo MysteriesABC
13%
Comic Series1978-1979Laff-a-LympicsMarvel Comics
11%
TV Special2015Lego Scooby-Doo! Knight Time TerrorCartoon Network
11%
Film2013Scooby-Doo! Adventures: The Mystery MapWarner Bros.
11%
TV Film1988Scooby-Doo! and the Reluctant WerewolfSyndication
11%
Video Game2010Scooby-Doo! and the Spooky SwampWarner Bros. Interactive
11%
TV Show1980-1981The Richie Rich/Scooby-Doo ShowABC
11%
TV Special1999The Scooby-Doo ProjectCartoon Network
11%
Film2017Lego Scooby-Doo! Blowout Beach BashWarner Bros.
9%
TV Special2001Night of the Living DooCartoon Network
9%
Web Short2015Scooby-Dooby-DooStoopid Buddy Stoodios
9%
Short Film2012Scooby-Doo! Haunted HolidaysWarner Bros.
9%
Video Game2002Scooby-Doo! Night of 100 FrightsTHQ
9%
Short Film2012Scooby-Doo! Spooky GamesWarner Bros.
9%
TV Show1982The Scooby & Scrappy-Doo/Puppy HourABC
9%
Filmstrip1978Black ExplorersN/A
7%
Comic Book1972Ghost Town JittersMarch of Comics
7%
Filmstrip1979Help WantedN/A
7%
Filmstrip1978Let's Go to PressN/A
7%
Comic Book1993Monster of a TimeHanna-Barbera Presents All New Comics
7%
Comic Book2004Mummy Scares BestKids' WB! JPA: Jam-Packed Action
7%
Video Game2015My Friend Scooby-Doo!Warner Bros. Interactive
7%
Comic Book1977-1978Phantasma GloriaThe Funtastic World of Hanna-Barbera
7%
Comic Book2002Pickle PartyCartoon Network Magazine
7%
Video Game2014Scooby-Doo and Looney Tunes Cartoon Universe: AdventureWarner Bros. Interactive / WayForward Technologies
7%
Book1998Scooby-Doo! and the Haunted CastleJames Gelsey
7%
Book1998Scooby-Doo! and the Mummy's CurseJames Gelsey
7%
Comic Series1992-1993Scooby-Doo Big BookHarvey Comics
7%
Video Game2002Scooby-Doo Case FilesThe Learning Company
7%
Video Game2000Scooby-Doo! Classic Creep CapersTHQ
7%
Comic Series1992-1993Scooby-Doo Giant SizeHarvey Comics
7%
Book2015Scooby-Doo in Mummy Scares BestLee Howard
7%
Book1980Scooby-Doo in the Haunted HouseHorace J. Elias
7%
Play2016Scooby-Doo Live! Level UpN/A
7%
Filmstrip1978Scooby-Doo Locates the LocusN/A
7%
Video Game2000Scooby-Doo! Mystery AdventuresWarner Bros. Interactive
7%
Video Game2015Scooby-Doo! Mystery CasesWarner Bros. Interactive
7%
Video Game2003Scooby-Doo! Mystery MayhemTHQ
7%
Video Game1999Scooby-Doo! Mystery of the Fun Park PhantomSouthPeak Interactive
7%
Video Game1983Scooby-Doo's Maze ChaseMattel Electronics
7%
Comic Series2013-2019Scooby-Doo! Team-UpDC Comics
7%
Video Game2005Scooby-Doo! UnmaskedTHQ
7%
Video Game2006Scooby-Doo! Who's Watching Who?THQ
7%
Comic Series2004-2006Scooby-Doo! World of MysteryDe Agostini
7%
Filmstrip1980Skin DeepN/A
7%
Comic Book1971Spooky WookyMarch of Comics
7%
Filmstrip1978The Great Grammar HuntN/A
7%
Comic Book1973The Magic Museum MysteryMarch of Comics
7%
Comic Book1977-1978The Man Who Stole ThursdayThe Funtastic World of Hanna-Barbera
7%
Comic Book1995-1996The Pizza Delivery from Beyond! / Daphne Has Risen from the Grave!Hanna-Barbera Presents
7%
Filmstrip1978The Signs of the TimesN/A
7%
Book1999A Clue for Scooby-Doo!Terry Collins
4%
TV Special1998Case Eight: Those Meddling Kids, Together AgainCartoon Network
4%
TV Special1998Case Five: Velma, That Meddling BrainCartoon Network
4%
TV Special1998Case Four: That Meddling Kid, DaphneCartoon Network
4%
TV Special1998Case One: How They Got StartedCartoon Network
4%
TV Special1998Case Seven: Those Finger-Pointing VillainsCartoon Network
4%
TV Special1998Case Six: Fred and That Meddling AscotCartoon Network
4%
TV Special1998Case Three: That Meddling Hippee, ShaggyCartoon Network
4%
TV Special1998Case Two: That Meddling Dog, Scooby-DooCartoon Network
4%
Web Short2015Creaky Creep OutStoopid Buddy Stoodios
4%
Web Short2015Donuts Save the DayStoopid Buddy Stoodios
4%
Web Short2015Doorway DebacleStoopid Buddy Stoodios
4%
Book1979Favorite Scooby-Doo AdventuresHanna-Barbera
4%
Web Short2015Ghoul on WheelsStoopid Buddy Stoodios
4%
Web Short2015Impossible ImpostersStoopid Buddy Stoodios
4%
Web Short2016Lighthouse Lunch BreakStoopid Buddy Stoodios
4%
Web Short2016Mystery Machine Mash-UpStoopid Buddy Stoodios
4%
Comic Book1999Mystery of the Fun Park PhantomScooby-Doo! Mystery of the Fun Park Phantom
4%
TV Show1984-1985Scary Scooby FunniesABC
4%
Web Short2016Scary SleepoverStoopid Buddy Stoodios
4%
Short Film2015Scooby-Doo! and the Beach BeastieWarner Bros.
4%
Book2003Scooby-Doo! and the Bowling BoogeymanJames Gelsey
4%
Book2011Scooby-Doo! and the Carnival CreepSonia Sander
4%
Book1999Scooby-Doo! and the Carnival CreeperJames Gelsey
4%
Book1976Scooby-Doo and the Case of the Counterfeit MoneyFern G. Brown
4%
Book2000Scooby-Doo! and the Fairground PhantomJames Gelsey
4%
Book2000Scooby-Doo! and the Fantastic Puppet FactoryJesse Leon McCann
4%
Book2000Scooby-Doo! and the Frankenstein MonsterJames Gelsey
4%
Book2000Scooby-Doo! and the Groovy GhostJames Gelsey
4%
Book1999Scooby-Doo! and the Halloween Hotel HauntJesse Leon McCann
4%
Book1983Scooby-Doo and the Haunted DoghouseHorace J. Elias
4%
Book1975Scooby-Doo and the Haunted DoghouseJean Lewis
4%
Book1976Scooby-Doo and the Headless HorsemanFern G. Brown
4%
Book2003Scooby-Doo! and the Headless HorsemanJames Gelsey
4%
Book1999Scooby-Doo! and the Howling WolfmanJames Gelsey
4%
Play2020Scooby-Doo and the Lost City of GoldN/A
4%
Book1983Scooby-Doo and the Lost SafariHorace J. Elias
4%
Book2000Scooby-Doo! and the Masked MagicianJames Gelsey
4%
Book1998Scooby-Doo! and the Mystery MallJesse Leon McCann
4%
Book1977Scooby-Doo and the Mystery of the Rider Without a HeadDavid Dann
4%
Book1977Scooby-Doo and the Old Ship MysterySolveig Paulson Russell
4%
Book2000Scooby-Doo! and the Runaway RobotJames Gelsey
4%
Book1977Scooby-Doo and the Santa Claus MysteryFern G. Brown
4%
Book1998Scooby-Doo! and the Snow MonsterJames Gelsey
4%
Short Film2013Scooby-Doo! and the Spooky ScarecrowWarner Bros.
4%
Book2000Scooby-Doo! and the Spooky StrikeoutJames Gelsey
4%
Book1982Scooby-Doo and the Stolen TreasureHorace J. Elias
4%
Book1999Scooby-Doo! and the Sunken ShipJames Gelsey
4%
Web Short2015Scooby-Doo and the Tag-Sale ClueStoopid Buddy Stoodios
4%
Book1999Scooby-Doo! and the Vampire's RevengeJames Gelsey
4%
Book1981Scooby-Doo and the Vanishing VolcanoHorace J. Elias
4%
Book2000Scooby-Doo! and the Weird Water ParkJesse Leon McCann
4%
Book2000Scooby-Doo! and the Zombie's TreasureJames Gelsey
4%
Book1998Scooby-Doo and Zombies, Too!Gail Herman
4%
Book1974Scooby-Doo at the ZooStella Williams Nathan
4%
Book2001Scooby-Doo! Baseball BlackoutEllen Guidone
4%
Book2007Scooby-Doo Case Files 3: The Scary ScoobyJames Gelsey
4%
Short Film2014Scooby-Doo! Ghastly GoalsWarner Bros.
4%
Book1983Scooby-Doo: Horror at Hangwood HallJennifer Zabel
4%
FilmTBAScooby-Doo! in King Arthur's CourtWarner Bros.
4%
Play2009Scooby-Doo in the Pirate GhostN/A
4%
Play2013Scooby-Doo Live! Musical MysteriesN/A
4%
Short Film2013Scooby-Doo! Mecha Mutt MenaceWarner Bros.
4%
Book1977Scooby-Doo: Mystery at the Marine MuseumRand McNally
4%
Book1981Scooby-Doo & Scrappy-Doo: The Thing in the LakeHorace J. Elias
4%
Book2005Scooby-Doo! The Abominable SnowmanShannon Penney
4%
Book1983Scooby-Doo: The Demon at the DiscoJennifer Zabel
4%
Book1983Scooby-Doo: The Ghostly ApacheJennifer Zabel
4%
Book1995Scooby-Doo, Where Are You!: A Gaggle of Galloping GhostsDandi McKall
4%
Comic Book1997-1999Scrappy-Doo: Puppy Power!Cartoon Network Presents
4%
Web Short2015The GetawayStoopid Buddy Stoodios
4%
Comic Book2000The Mystery Card Game CaperScooby-Doo! The Mystery Card Game Caper
4%
Comic Book1996Too Much Christmas SpiritCartoon Network Christmas Spectacular
4%
Web Short2015Trick and TreatStoopid Buddy Stoodios
4%
Short Film2005An Evening with the Scooby-Doo GangWarner Bros.
2%
Web Short2016Cotton Candy ChaosStoopid Buddy Stoodios
2%
Web Short2016Danger Prone DaphneStoopid Buddy Stoodios
2%
Web Short2016Ice to Meet YouStoopid Buddy Stoodios
2%
Web Short2016If You Build It, Pizza Will ComeStoopid Buddy Stoodios
2%
Web Short2016Mummy Museum MysteryStoopid Buddy Stoodios
2%
Web Short2016Nice RideStoopid Buddy Stoodios
2%
Book2011Scooby-Doo! A Haunted HalloweenLee Howard
2%
Book2005Scooby-Doo! and the Cactus CreatureJames Gelsey
2%
Book2001Scooby-Doo! and the Caveman CaperJames Gelsey
2%
Book1998Scooby-Doo! and the Creepy CarnivalJesse Leon McCann
2%
Book2003Scooby-Doo! and the Deep-Sea DiverJames Gelsey
2%
Book2000Scooby-Doo! and the Eerie Ice MonsterJesse Leon McCann
2%
Book2001Scooby-Doo! and the Farmyard FrightJames Gelsey
2%
Book2002Scooby-Doo! and the Ghostly GorillaJames Gelsey
2%
Book2004Scooby-Doo! and the Gruesome GoblinJames Gelsey
2%
Book2005Scooby-Doo! and the Hoopster HorrorJames Gelsey
2%
Book2002Scooby-Doo! and the Karate CaperJames Gelsey
2%
Book2006Scooby-Doo! and the Monster MenaceJames Gelsey
2%
Book1975Scooby-Doo and the Murder MysteryJean Lewis
2%
Book2001Scooby-Doo! and the Phony Fortune TellerJames Gelsey
2%
Book2006Scooby-Doo! and the Scary SkateboarderJames Gelsey
2%
Book2002Scooby-Doo! and the Seashore SlimerJames Gelsey
2%
Book2001Scooby-Doo! and the Toy Store TerrorJames Gelsey
2%
Book2002Scooby-Doo! and the Vicious VikingJames Gelsey
2%
Book2003Scooby-Doo! and the Witch DoctorJames Gelsey
2%
Book2001Scooby-Doo and You: The Case of Dr. Jenkins and Mr. HydeJames Gelsey
2%
Book2001Scooby-Doo! and You: The Case of Headless HenryJenny Markas
2%
Book2001Scooby-Doo! and You: The Case of the Angry AlligatorJames Gelsey
2%
Book2001Scooby-Doo! and You: The Case of the Batty VampireSuzanne Weyn
2%
Book2000Scooby-Doo! and You: The Case of the Bigfoot BeastTracey West
2%
Book2001Scooby-Doo! and You: The Case of the Creepy CampJesse Leon McCann
2%
Book2000Scooby-Doo! and You: The Case of the Doughy CreatureJenny Markas
2%
Book2001Scooby-Doo! and You: The Case of the Freaky Oil FiendJesse Leon McCann
2%
Book2000Scooby-Doo! and You: The Case of the Glowing AlienJames Gelsey
2%
Book2001Scooby-Doo! and You: The Case of the Leaping LionJenny Markas
2%
Book2001Scooby-Doo! and You: The Case of the Living DollTracey West
2%
Book2000Scooby-Doo! and You: The Case of the Lost LumberjackJesse McCann
2%
Book2001Scooby-Doo! and You: The Case of the Mad MermaidJesse Leon McCann
2%
Book2001Scooby-Doo! and You: The Case of the Monstrous MuttJenny Markas
2%
Book2001Scooby-Doo! and You: The Case of the Purple KnightJames Gelsey
2%
Book2001Scooby-Doo! and You: The Case of the Seaweed MonsterJames Gelsey
2%
Book2001Scooby-Doo! and You: The Case of the Singing GhostJames Gelsey
2%
Book2001Scooby-Doo! and You: The Case of the Spinning SpiderVicki Erwin
2%
Book2001Scooby-Doo! and You: The Case of the Television MonsterJames Gelsey
2%
Book2001Scooby-Doo! and You: The Case of the Terrifying PterodactylJenny Markas
2%
Book2000Scooby-Doo! and You: The Case of the Theater PhantomVicki Erwin
2%
Book2000Scooby-Doo! and You: The Case of the Wandering WitchJames Gelsey
2%
Book2000Scooby-Doo! and You: The Case of the Wrestler's GhostTracey West
2%
Book2001Scooby-Doo! Clues at the CarnivalIvy S. Ip
2%
Book2000Scooby-Doo! Dinosaur DigErin Soderberg
2%
Book2000Scooby-Doo! Disappearing DonutsGail Herman
2%
Book2000Scooby-Doo! Ghost in the GardenGail Herman
2%
Book2000Scooby-Doo! Howling on the PlaygroundGail Herman
2%
Book2000Scooby-Doo! Map in the Mystery MachineGail Herman
2%
Book2012Scooby-Doo! Mystery 2: The Frozen GiantSonia Sander
2%
Book2013Scooby-Doo! Mystery 3: The Haunting of Pirate CoveKate Howard
2%
Tabletop Game1978Scooby Doo... och MonstretAlga
2%
Book2000Scooby-Doo! Search for Scooby SnacksRobin Wasserman
2%
Book2001Scooby-Doo's High-Flying AdventureJames Gelsey
2%
Book2000Scooby-Doo! Shiny Spooky KnightsGail Herman
2%
Book2001Scooby-Doo! Snow GhostRobin Wasserman
2%
Book1999Scooby-Doo: Spooky Space Kook!Terry Collins
2%
Book2000Scooby-Doo! The Catnapped CaperMarion S. Barbo
2%
Book1998Scooby-Doo! The Haunted CarnivalRonald Kidd
2%
Book1999Scooby-Doo! The Haunted CarnivalRonald Kidd
2%
Book2001Scooby-Doo! The Haunted PumpkinsMichelle H. Nagler
2%
Book2000Scooby-Doo! The Mixed-Up MuseumGail Herman
2%
Book2001Scooby-Doo! The Parade PuzzleMichelle H. Nagler
2%
Book1983Scooby-Doo: The Phantom PlanetJennifer Zabel
2%
Book2000Scooby-Doo! The Pizza Place GhostErin Soderberg
2%
Short Film2006The Hanna-Barbera Kennel Club Roasts Scooby-DooWarner Bros.
2%
Web Short2016Wicked Warehouse PursuitStoopid Buddy Stoodios
2%
Book2016Curse of the Stage FrightSteve Korte
0%
Book2015Giddy-Up, Scooby-DooLee Howard
0%
Book2016Legend of the Gator ManLaurie S. Sutton
0%
Book2004Mean, Green, Mystery MachineJames Gelsey
0%
Book2016Mystery of the Mist MonsterMatthew K. Manning
0%
Book2007Puppy Scooby-Doo: A Yummy MysterySiobhan Ciminera / Keith Faulkner
0%
Book2007Puppy Scooby-Doo: Easter ShowersJune Eding
0%
Book2006Puppy Scooby-Doo: Hide-and-Go-Seek!Manhar Chauhan
0%
Book2007Puppy Scooby-Doo: Love Your PupSiobhan Ciminera
0%
Book2007Puppy Scooby-Doo: Puppy FunPaul E. Nunn
0%
Book2007Puppy Scooby-Doo: Summer SplashPaul Nunn
0%
Book2007Puppy Scooby-Doo: The Mysterious PupCynthia Stierle
0%
Book2006Puppy Scooby-Doo: Time to PlaySiobhan Ciminera / Keith Faulkner
0%
Book2004Scooby-Doo 2: Monsters Unleashed - Book of MonstersHowie Dewin
0%
Book2004Scooby-Doo 2: Monsters Unleashed - Monster Joke BookHowie Dewin
0%
Book2011Scooby-Doo! A Merry Scary HolidayLee Howard
0%
Book2014Scooby-Doo! An Addition Mystery: The Case of the Angry AdderMark Weakland
0%
Book2015Scooby-Doo and the Battle of the SnowboardersSonia Sander
0%
Book2015Scooby-Doo and the Big CatchSonia Sander
0%
Book2018Scooby-Doo! and the Buried City of Pompeii: The Ghastly GuideMark Weakland
0%
Book2002Scooby-Doo! and the Campfire MysteryJulie Komorn
0%
Book2006Scooby-Doo! and the Camping CaperGail Herman
0%
Book2015Scooby-Doo and the Chocolate PhantomSonia Sander
0%
Book2018Scooby-Doo! and the Cliff Dwellings of Mesa Verde: The Ghostly GazeMark Weakland
0%
Book2005Scooby-Doo! and the Creepy ChefJesse Leon McCann / Dan Davis
0%
Book2010Scooby-Doo! and the Cupcake CaperSonia Sander
0%
Book2006Scooby-Doo! and the Fishy PhantomJesse Leon McCann
0%
Book2003Scooby-Doo! and the Ghastly GiantJesse Leon McCann
0%
Book2010Scooby-Doo! and the Haunted DinerMariah Balaban
0%
Book2002Scooby-Doo and the Haunted LabJesse Leon McCann
0%
Book2015Scooby-Doo and the High Tech House of the FutureLee Howard
0%
Book2005Scooby-Doo! and the Hungry GhostScott Cunningham
0%
Book2009Scooby-Doo! and the International ExpressSonia Sander
0%
Book2002Scooby-Doo! and the Invisible AndroidJesse Leon McCann
0%
Book2002Scooby-Doo! and the Marsh MonsterJesse Leon McCann
0%
Book2013Scooby-Doo and the Mysterious MapAndré Du Broc
0%
Book2001Scooby-Doo! and the Opera OgreJesse Leon McCann
0%
Book2002Scooby-Doo! and the Phantom CowboyJesse Leon McCann
0%
Book2005Scooby-Doo! and the Phantom PranksterJo Hurley
0%
Book2013Scooby-Doo and the Pizza ProwlerAndré Du Broc
0%
Book2018Scooby-Doo! and the Pyramids of Giza: The Phantom PharaohsMark Weakland
0%
Book2007Scooby-Doo! and the Rock 'n' Roll ZombieGail Herman
0%
Book2009Scooby-Doo! and the Rotten RobotMariah Balaban
0%
Book2001Scooby-Doo! and the Rowdy RomeoJames Gelsey
0%
Book2018Scooby-Doo! and the Ruins of Machu Picchu: The Hidden City HowlerMark Weakland
0%
Book2005Scooby-Doo! and the Samurai GhostJesse Leon McCann / Dan Davis
0%
Book2009Scooby-Doo! and the Scary SnowmanMariah Balaban
0%
Book2003Scooby-Doo! and the Sinister SorcererJames Gelsey
0%
Book2015Scooby-Doo and the Snow Monster MysteryLee Howard
0%
Book2004Scooby-Doo! and the Soccer MonsterJesse Leon McCann
0%
Book2010Scooby-Doo! and the Thanksgiving TerrorMariah Balaban
0%
Book2004Scooby-Doo and the Tiki's CurseJesse Leon McCann
0%
Book2002Scooby-Doo! and the Trick-or-Treat ThiefJesse Leon McCann
0%
Book2015Scooby-Doo! and the Truth Behind GhostsTerry Collins
0%
Book2015Scooby-Doo! and the Truth Behind MummiesMark Weakland
0%
Book2015Scooby-Doo and the UnnaturalLee Howard
0%
Book2004Scooby-Doo! and the Virtual VillainJames Gelsey
0%
Book2009Scooby-Doo! and the Witching HourSonia Sander
0%
Book2000Scooby-Doo! and You: The Case of the Haunted HouseVicki Erwin
0%
Book2017Scooby-Doo! An Estimation Mystery: The Case of the Greedy GhostHeather Adamson / Thomas K. Adamson
0%
Book2014Scooby-Doo! An Even or Odd Mystery: The Case of the OddzillaMark Weakland
0%
Book2014Scooby-Doo! A Number Comparisons Mystery: The Case of the Lunchroom GobblerMark Weakland
0%
Book2017Scooby-Doo! A Science of Chemical Reactions Mystery: The Overreacting GhostMegan Cooley Peterson
0%
Book2017Scooby-Doo! A Science of Electricity Mystery: The Mutant CrocodileMegan Cooley Peterson
0%
Book2016Scooby-Doo! A Science of Energy Mystery: The High-Voltage GhostMichael Cooley Peterson
0%
Book2016Scooby-Doo! A Science of Forces and Motion Mystery: The Rogue RobotMichael Cooley Peterson
0%
Book2017Scooby-Doo! A Science of Light Mystery: The Angry AlienMegan Cooley Peterson
0%
Book2017Scooby-Doo! A Science of Magnetism Mystery: The Magnetic MonsterMegan Cooley Peterson
0%
Book2016Scooby-Doo! A Science of Sound Mystery: A Song for ZombiesMichael Cooley Peterson
0%
Book2016Scooby-Doo! A States of Matter Mystery: Revenge from a Watery GraveMichael Cooley Peterson
0%
Book2014Scooby-Doo! A Subtraction Mystery: The Case of the Disappearing DoughnutsMark Weakland
0%
Book2017Scooby-Doo! A Time Mystery: The Case of the Spinning SpookHeather Adamson / Thomas K. Adamson
0%
Book2010Scooby-Doo! A Very Scary Valentine's DayMariah Balaban
0%
Book2017Scooby-Doo! Beginner Mysteries: Creepy Cowboy CaperMichael Anthony Steele
0%
Book2017Scooby-Doo! Beginner Mysteries: Monster Mutt MadnessMichael Anthony Steele
0%
Book2017Scooby-Doo! Beginner Mysteries: Skeleton Crew ShowdownMichael Anthony Steele
0%
Book2017Scooby-Doo! Beginner Mysteries: Vampire Zoo HullabalooMichael Anthony Steele
0%
Book2012Scooby-Doo! Camp FearSonia Sander
0%
Book2007Scooby-Doo Case Files 1: The Devilish DonutJames Gelsey
0%
Book2007Scooby-Doo Case Files 2: The Summer Camp CyclopsJames Gelsey
0%
Book2008Scooby-Doo Case Files 4: The No-Good KnightJo Hurley
0%
Book2005Scooby-Doo! Decodes a MysteryShannon Penney
0%
Book2013Scooby-Doo! Dino DestructionLee Howard
0%
Book2017Scooby-Doodles!: Draw, Color, Create with Scooby-Doo!Benjamin Bird
0%
Book2005Scooby-Doo! Fall FrightGail Herman
0%
Book2013Scooby-Doo! Finds a ClueAndré Du Broc
0%
Book2002Scooby-Doo! Football FrightGail Herman
0%
Book2003Scooby-Doo! Ghost SchoolRobin Wasserman
0%
Book2003Scooby-Doo! Haunted Halloween MaskJesse Leon McCann
0%
Book2015Scooby-Doo in Bake-Off MayhemLee Howard
0%
Book2015Scooby-Doo in Food Fight!Sonia Sander
0%
Book2001Scooby-Doo! in Jungle JeopardyJesse Leon McCann
0%
Book2015Scooby-Doo in Monkey See, Monkey DooLee Howard
0%
Book2015Scooby-Doo in Raging River AdventureSonia Sander
0%
Book2016Scooby-Doo in the Coolsville Contraption ContestAnnie Auerbach
0%
Book2015Scooby-Doo in There's No Creature Like Snow CreatureLee Howard
0%
Book2015Scooby-Doo! Keepaway CampSonia Sander
0%
Book2002Scooby-Doo! Meet Big FootMichelle H. Nagler
0%
Book2002Scooby-Doo Movie: Ultimate Joke BookT.E.J. Dow / Howie Dewin
0%
Book2002Scooby-Doo! Mummies at the MallGail Herman
0%
Book2008Scooby-Doo! Museum MadnessJesse Leon McCann
0%
Book2011Scooby-Doo! Mystery Incorporated: Beware the Beast from BelowScott Neely
0%
Book2012Scooby-Doo! On Werewolf WatchSonia Sander
0%
Book2003Scooby-Doo! Scooby...Don't!Lisa Ann Marsoli
0%
Book2002Scooby-Doo! Sea Monster ScareGail Herman
0%
Book2015Scooby-Doo's Laugh-Out-Loud Jokes!Michael Dahl
0%
Book2002Scooby-Doo! Sled Race MysteryMaria S. Barbo
0%
Book2002Scooby-Doo! Spooky Sports DayErin Soderberg
0%
Book2005Scooby-Doo! Spy HuntMarie S. Barbo
0%
Book2002Scooby-Doo's Super Case BookVicki Berger Erwin / Suzanne Weyn
0%
Book2004Scooby-Doo's Super Case Book IISuzanne Weyn
0%
Book2015Scooby-Doo Steals the Dog ShowSonia Sander
0%
Book2003Scooby-Doo! Stormy NightRobin Wasserman
0%
Book2002Scooby-Doo! The Apple ThiefGail Herman
0%
Book2007Scooby-Doo! The Big Bad BlizzardGail Herman
0%
Book2014Scooby-Doo! The Case of the Cheese ThiefJ.E. Bright
0%
Book2017Scooby-Doo! The Case of the Clown CarnivalLaurie S. Sutton
0%
Book2016Scooby-Doo! The Case of the Fright FlightMichael Anthony Steele
0%
Book2004Scooby-Doo! The Christmas Cookie CaseMaria S. Barbo
0%
Book2002Scooby-Doo: The Complete Movie ScrapbookMonica Rizzo
0%
Book2015Scooby-Doo! The Curse of AtlantisLaurie S. Sutton
0%
Book2015Scooby-Doo! The Fright at Zombie FarmLaurie S. Sutton
0%
Book2014Scooby-Doo! The Ghost of the Bermuda TriangleLaurie S. Sutton
0%
Book2005Scooby-Doo! The Ghost Town MysteryJo Hurley
0%
Book2006Scooby-Doo! The Haunted Halloween PartyGail Herman
0%
Book2008Scooby-Doo! The Haunted Road TripGail Herman
0%
Book2015Scooby-Doo! The House on Spooky StreetLaurie S. Sutton
0%
Book2001Scooby-Doo! The Missing Tooth MysteryMaria S. Barbo
0%
Book2010Scooby-Doo! The Movie Star MysteryKarl Sturk
0%
Book2014Scooby-Doo! The Mystery of the Aztec TombLaurie S. Sutton
0%
Book2016Scooby-Doo! The Mystery of the Mayhem MansionMatthew K. Manning
0%
Book2014Scooby-Doo! The Mystery of the Maze MonsterJohn Sazaklis
0%
Book2017Scooby-Doo! The Salem Witch ShowdownMatthew K. Manning
0%
Book2005Scooby-Doo! The Scarecrow MysteryShannon Penney
0%
Book2008Scooby-Doo! The Scary SafariGail Herman
0%
Book2006Scooby-Doo! The School Play SurpriseGail Herman
0%
Book2015Scooby-Doo! The Secret of the Flying SaucerLaurie S. Sutton
0%
Book2014Scooby-Doo! The Secret of the Sea CreatureLaurie S. Sutton
0%
Book2002Scooby-Doo! The Secret Santa MysteryGail Herman
0%
Book2004Scooby-Doo! The Shamrock ScareCourtney Tyo
0%
Book2003Scooby-Doo! The Sneaky Easter ThiefJesse Leon McCann
0%
Book2003Scooby-Doo! The Surf ScareMichelle H. Nagler
0%
Book2014Scooby-Doo! The Terror of the Bigfoot BeastLaurie S. Sutton
0%
Book2005Scooby-Doo! The Thanksgiving MysteryGail Herman
0%
Book2002Scooby-Doo! Treasure HuntMaria S. Barbo
0%
Book2015Scooby-Doo! Unmasks Monsters: The Truth Behind Zombies, Werewolves, and Other Spooky CreaturesMark Weakland / Terry Collins
0%
Book2002Scooby-Doo! Valentine's Day DognappingGail Herman
0%
Book2001Scooby-Doo! Vanishing ValentinesRobin Wasserman
0%
Book2012Scooby-Doo! Who Are You?André Du Broc
0%
Book2016Secret of the Haunted CaveMatthew K. Manning
0%
Book2004Snowman ShowdownJoy Brewster
0%
Web Short2016The Case of Frankenstein's MonsterStoopid Buddy Stoodios
0%
Web Short2015The Case of the Bad Science GhostStoopid Buddy Stoodios
0%
Web Short2015The Case of the Beach Pirate BonanzaStoopid Buddy Stoodios
0%
Web Short2015The Case of the Ghost in the TheaterStoopid Buddy Stoodios
0%
Web Short2016The Case of the Gift GrabberStoopid Buddy Stoodios
0%
Web Short2015The Case of the Monster BirthdayStoopid Buddy Stoodios
0%
Web Short2015The Case of the Party MayhemStoopid Buddy Stoodios
0%
Web Short2016The Case of the Problematic Pumpkin PieStoopid Buddy Stoodios
0%
Web Short2015The Case of the Speed VampireStoopid Buddy Stoodios
0%
Web Short2015The Case of the Spooky Snack SpecterStoopid Buddy Stoodios
0%
Web Short2015The Case of the Swamp Picnic ShowdownStoopid Buddy Stoodios
0%
Web Short2015The Case of the Vanishing VanStoopid Buddy Stoodios
0%
Web Short2016The Case of the Very Spooky CaveStoopid Buddy Stoodios
0%
Book2020The Dark DeceptionJosephine Ruby
0%
Book2004The Roller GhosterJoy Brewster
0%
Book2020The Vanishing GirlJosephine Ruby
0%

Score Distribution

Percentile by Number Answered

Percent of People with Each Score

Your Score History

You have not taken this quiz